000 00990cab a2200265 4500
001 WB2831-23
008 090401t1992 xxu||||| |||| 00| 0 eng d
035 _a(Sirsi) u73024
041 _aeng
245 _aUnfit for human habitation
260 _c1992
350 _a0
490 _aIndependent
_v1 August 1992, 8(1)
520 _aLocal authorities in England have reported 1.3m homes in the private and public sectors unfit for human habitation. The DoE Housing Association and Private Sector Directorate`s brief is to encourage maintenance of private sector housing and to allocate funds to those most in need. See also WB2829-28.
650 _aCOUNCIL HOUSING
650 _aENGLISH HOUSE CONDITION SURVEY
650 _aHOUSE RENOVATION GRANTS
650 _aBUILT ENVIRONMENT-BUILDING MAINTENANCE AND REFURBISHMENT
650 _aPRIVATE SECTOR HOUSING
650 _aSOCIAL HOUSING
650 _aUNFIT HOUSES
690 _aHOUSING
942 _n0
948 _c04/03/1997
999 _c46172
_d46172